|
|
|
|
| LEADER |
01586nam a22003617a 4500 |
| 001 |
44472 |
| 003 |
BD-DhAAL |
| 005 |
20250707144303.0 |
| 008 |
250707t2023 enka er 00 1 eng d |
| 020 |
|
|
|a 9781804993118
|
| 020 |
|
|
|a 1804993115
|
| 040 |
|
|
|a BD-DhAAL
|c BD-DhAAL
|
| 041 |
|
|
|a eng
|h jpn
|
| 082 |
|
|
|a 895.636
|2 23
|
| 100 |
|
|
|a Shinkai, Makoto,
|e author.
|9 58684
|
| 245 |
|
|
|a She and her cat /
|c Makoto Shinkai and Naruki Nagakawa ; translated by Ginny Tapley Takemori.
|
| 260 |
|
|
|a London :
|b Penguin Books,
|c 2023.
|
| 300 |
|
|
|a 153 pages :
|b illustrations ;
|c 20 cm
|
| 500 |
|
|
|a First published in Japanese as Kanojo to kanojo no neko in 2013 by Kanzen Corp.
|
| 541 |
|
|
|a Donated by Farhana Zahir, Assistant Professor, BRAC Business School
|e 44472
|
| 546 |
|
|
|a Translated from the Japanese.
|
| 650 |
|
|
|a Human-animal relationships
|v Fiction.
|
| 650 |
|
|
|a Cats
|v Fiction.
|9 58685
|
| 650 |
|
|
|a Single women
|v Fiction.
|9 58686
|
| 650 |
|
|
|a Pet owners
|v Fiction.
|9 58687
|
| 650 |
|
|
|a Japanese fiction.
|9 29355
|
| 651 |
|
|
|a Tokyo (Japan)
|v Fiction.
|9 6187
|
| 700 |
|
|
|a Nagakawa, Naruki,
|e author.
|9 58688
|
| 700 |
|
|
|a Takemori, Ginny Tapley,
|e translator.
|9 58689
|
| 852 |
|
|
|a Ayesha Abed Library
|c General Stacks
|
| 942 |
|
|
|2 ddc
|c BK
|
| 999 |
|
|
|c 47325
|d 47325
|
| 952 |
|
|
|0 0
|1 0
|2 ddc
|4 0
|6 895_636000000000000_SHI
|7 0
|9 77860
|a BRACUL
|b BRACUL
|c GEN
|d 2025-07-07
|e Donated by Farhana Zahir, Assistant Professor, BRAC Business School
|l 3
|m 17
|o 895.636 SHI
|p 3010044472
|r 2026-05-13
|s 2026-04-20
|t 1
|w 2025-07-07
|y BK
|x Donated by Farhana Zahir, Assistant Professor, BRAC Business School ; £8.99
|